[Event "120th ch-SCO 2013"]
[Site "Helensburgh SCO"]
[Date "2013.07.07"]
[Round "2.14"]
[White "McClement,A"]
[Black "Parks,J"]
[Result "1-0"]
[WhiteElo "2169"]
[BlackElo "1897"]

1.Nf3 d5 2.c4 e6 3.d4 Nf6 4.g3 g6 5.Bg2 Bg7 6.O-O O-O 7.Qc2 c6 8.Rd1 Na6
9.Nbd2 Nc7 10.e4 dxe4 11.Nxe4 Nxe4 12.Qxe4 Ne8 13.Bg5 f6 14.Be3 Nd6 15.Qc2 Nf5
16.Bd2 Re8 17.Bc3 Rb8 18.a4 Qc7 19.a5 Nd6 20.b3 Nf7 21.Qb2 Bd7 22.Nd2 f5
23.Nf3 Rbd8 24.Re1 Bc8 25.b4 Nd6 26.Nd2 Nf7 27.Re2 Qd7 28.Nb3 Nd6 29.Qa2 Qc7
30.Nc5 Nf7 31.Qb2 Nd6 32.Qb3 Nf7 33.Rae1 Bxd4 34.Nxe6 Bxe6 35.Rxe6 Rxe6 36.Rxe6 Qd7
37.Re1 Kf8 38.Bxd4 Qxd4 39.a6 b5 40.cxb5 cxb5 41.Bc6 Ne5 42.Qe6 Nxc6 43.Qxc6 Qd7
44.Qf6+ Kg8 45.Re7 Qd4 46.Qf7+  1-0

[Event "Karvina Open 2013"]
[Site "Karvina CZE"]
[Date "2013.07.07"]
[Round "9.24"]
[White "Snopek,J"]
[Black "Gruszka,Ales"]
[Result "1/2-1/2"]
[WhiteElo "1869"]
[BlackElo "1546"]

1.Nf3 d5 2.c4 e6 3.g3 c6 4.b3 Nf6 5.Bb2 Bc5 6.d4 Bb4+ 7.Nbd2 O-O 8.a3 Bd6
9.Bg2 Nbd7 10.O-O Re8 11.Re1 e5 12.dxe5 Nxe5 13.Nxe5 Bxe5 14.Bxe5 Rxe5 15.cxd5 Nxd5
16.Nc4 Re8 17.Qc2 Qc7 18.Rad1 Be6 19.Rd2 b5 20.Nb2 Rac8 21.b4 Nb6 22.e3 Bd5
23.Rc1 Bxg2 24.Kxg2 Qb7 25.Kg1 h6 26.Qc5 Nd5 27.Rdc2 Ne7 28.Rd2 Red8 29.Rcd1 Rxd2
30.Rxd2 Qc7 31.Rd6 a6 32.e4 Rd8 33.e5 Rc8 34.e6 fxe6 35.Rxe6 Nd5 36.Nd3 Qd7
37.Qd6 Qxd6 38.Rxd6 Kf8 39.Nc5 Ne7 40.Rd7 Ra8 41.Rb7 a5 42.Ne6+ Kf7 43.Nxg7 Kxg7
44.Rxe7+ Kf6 45.Rc7 Ra6 46.bxa5 Ke5 47.Kg2 Kd5 48.Kf3 c5  1/2-1/2

[Event "Karvina Open 2013"]
[Site "Karvina CZE"]
[Date "2013.07.07"]
[Round "9.17"]
[White "Zabystrzan,P"]
[Black "Gil,K"]
[Result "1-0"]
[WhiteElo "2300"]
[BlackElo "1878"]

1.Nf3 d5 2.c4 c6 3.e3 Nf6 4.Nc3 Bg4 5.Qb3 b6 6.Ne5 d4 7.Ne2 dxe3 8.Qxe3 Bc8
9.d4 Bb7 10.Bd2 e6 11.Nf4 Nbd7 12.Nxf7  1-0

[Event "V4 Int Open ch-SVK 2013"]
[Site "Banska Stiavnica SVK"]
[Date "2013.07.08"]
[Round "3.65"]
[White "Hlavac,P"]
[Black "Gbyl,A"]
[Result "0-1"]
[WhiteElo "1999"]
[BlackElo "2174"]

1.Nf3 d5 2.c4 c6 3.d4 e6 4.e3 f5 5.Nbd2 Nd7 6.Bd3 Qf6 7.cxd5 exd5 8.Qc2 Nh6
9.b3 Bd6 10.Bb2 O-O 11.O-O-O Qe7 12.h4 Nf6 13.Ng5 Ne4 14.Ndf3 Ng4 15.Nh3 Nexf2
16.Nxf2 Qxe3+ 17.Qd2 Qxf2 18.Rdf1 Qxd2+ 19.Kxd2 Bd7 20.Kc3 Rae8 21.Bc1 a5
22.Ng5 h6 23.Nh3 Nf6 24.Rf3 Ne4+ 25.Kc2 a4 26.Nf4 axb3+ 27.axb3 Ra8 28.Ne2 Ra2+
29.Kd1 Ra1 30.Rhf1 Ba3 31.Kc2 Bb4 32.Bb2 Rxf1 33.Rxf1 g5 34.hxg5 hxg5 35.Bc1 f4
36.Ng1 Ng3 37.Rd1 g4 38.Ne2 Nxe2 39.Bxe2 Bf5+ 40.Kb2 Re8 41.Bd3 Bxd3 42.Rxd3 Re2+
43.Kb1 Bd6 44.Rd2 Rxd2 45.Bxd2 Kf7 46.Kc2 Kg6 47.Kc3 Kf5 48.Be1 g3 49.Bd2 f3
50.gxf3 g2 51.Be3 Bh2  0-1

[Event "4th Borloy Mem FSGM 2013"]
[Site "Budapest HUN"]
[Date "2013.07.08"]
[Round "3.3"]
[White "Gonda,L"]
[Black "Savchenko,S"]
[Result "1/2-1/2"]
[WhiteElo "2538"]
[BlackElo "2498"]

1.Nf3 d5 2.c4 c6 3.e3 Nf6 4.Nc3 e6 5.b3 Bd6 6.Bb2 O-O 7.Be2 e5 8.cxd5 cxd5
9.Nb5 e4 10.Ne5 Ne8 11.f3 f6 12.Nxd6 Nxd6 13.Ng4 Bxg4 14.fxg4 Nc6 15.O-O d4
16.b4 d3 17.Qb3+ Kh8 18.Bd1 Qe7 19.Rc1 Rac8 20.g5 fxg5 21.Bg4 Rce8 22.Qc3 h6
23.a4 Kh7 24.Rxf8 Rxf8 25.b5 Qf7 26.h3 Ne7 27.Qe5 Qf2+ 28.Kh2 Nef5 29.Rc7 Rf6
30.Bxf5+ Nxf5 31.Qxf6  1/2-1/2

[Event "ch-SWE 2013"]
[Site "Orebro SWE"]
[Date "2013.07.08"]
[Round "3.2"]
[White "Hillarp Persson,T"]
[Black "Tikkanen,H"]
[Result "0-1"]
[WhiteElo "2528"]
[BlackElo "2528"]

1.Nf3 d5 2.c4 d4 3.b4 f6 4.Na3 e5 5.Nc2 c5 6.bxc5 Bxc5 7.d3 Nc6 8.g3 Nge7
9.Bg2 O-O 10.O-O b6 11.Nd2 f5 12.Nb3 f4 13.Nxc5 bxc5 14.Rb1 Qd6 15.Ba3 Rb8
16.Rxb8 Nxb8 17.e3 Nbc6 18.exf4 exf4 19.Bc1 Ng6 20.Qf3 Nce7 21.Qe2 Bd7 22.Ne1 Nc6
23.Nf3 Re8 24.Qd1 Nce5 25.gxf4 Ng4 26.Re1 Nxf4 27.Rxe8+ Bxe8 28.Ng5 Bh5 29.Qf3 Ne2+
30.Qxe2 Qxh2+ 31.Kf1 Ne3+ 32.Qxe3 dxe3 33.Bxe3 Be2+ 34.Kxe2 Qxg2 35.Nf3 h5
36.Bxc5 g5 37.Bd6 g4 38.Nh4 Qb7 39.Ke3 Qb1 40.Bg3 Qxa2 41.Ng6 Qa5 42.Ke4 Qg5
43.Ne5 h4 44.Bf4 Qh5 45.c5 g3 46.fxg3 Qe2+ 47.Kd5 h3 48.g4 Qf2 49.Ke4 Qxc5
50.g5 Qc2 51.Ng4 Qe2+  0-1

[Event "6th d'Ille et Vilaine 2013"]
[Site "Rennes FRA"]
[Date "2013.07.08"]
[Round "4.1"]
[White "Milchev,N"]
[Black "Koziak,V"]
[Result "1/2-1/2"]
[WhiteElo "2433"]
[BlackElo "2509"]

1.Nf3 d5 2.c4 c6 3.d4 Nf6 4.Qb3 Qb6 5.Nc3 Na6 6.c5 Qxb3 7.axb3 g6 8.Bf4 Nh5
9.Bd2 Bg7 10.e4 dxe4 11.Nxe4 Nc7 12.Bc4 Bf5 13.Nc3 Bg4 14.Ne5 Bxe5 15.dxe5 Be6
16.Ke2 Bxc4+ 17.bxc4 Ne6 18.Rhd1 f6 19.exf6 Nxf6 20.Be3 a6 21.Ra3 Rc8 22.Rb3 Rc7
23.f3 Kf7  1/2-1/2

[Event "FSFMB July 2013"]
[Site "Budapest HUN"]
[Date "2013.07.09"]
[Round "4.1"]
[White "Bacsi,A"]
[Black "Engegard,Odon Toth"]
[Result "1-0"]
[WhiteElo "1860"]
[BlackElo "1809"]

1.Nf3 d5 2.c4 c6 3.Qc2 Nf6 4.g3 dxc4 5.Qxc4 Bf5 6.Bg2 h6 7.O-O e6 8.Nc3 Be7
9.e4 Bh7 10.a4 a5 11.Re1 O-O 12.d4 Bb4 13.Ne5 Nbd7 14.Nd3 Nb6 15.Qb3 Qxd4
16.Nxb4 Qxb4 17.Qc2 Rfd8 18.Ra3 Qe7 19.Rb3 Nbd5 20.Nxd5 Nxd5 21.Qc4 Nb4 22.Be3 Na6
23.Qc3 Nb8 24.Bb6 Rd7 25.Bxa5 Qg5 26.Bb6 Rxa4 27.Be3 Qh5 28.f3 Na6 29.Ra3 Rxa3
30.bxa3 Qb5 31.Bf1 Qa4 32.Bxa6 Qxa6 33.Qb4 Rd3 34.Kf2 Rxa3 35.Re2 Bg6 36.Rd2 Ra1
37.g4 h5 38.Rd8+ Kh7 39.Qf8 Qf1+ 40.Kg3 Qe1+ 41.Kf4 e5+ 42.Kxe5 Qc3+ 43.Bd4 Ra5+
44.Kf4 Qd2+ 45.Kg3 Qe1+ 46.Bf2 h4+ 47.Kg2 h3+ 48.Kg3  1-0

[Event "IsBank TCh-TUR 2013"]
[Site "Denizli TUR"]
[Date "2013.07.09"]
[Round "12.5"]
[White "Sengul,C"]
[Black "Ozturk,Ku"]
[Result "1-0"]
[WhiteElo "2175"]
[BlackElo "2293"]

1.Nf3 d5 2.c4 dxc4 3.e4 c5 4.Bxc4 Nc6 5.Bb5 Bd7 6.Nc3 e6 7.O-O Bd6 8.d4 cxd4
9.Nxd4 Qc7 10.Bxc6 bxc6 11.Nf3 Nf6 12.Qe2 Ng4 13.h3 Nh2 14.Rd1 Nxf3+ 15.Qxf3 Bh2+
16.Kh1 Be5 17.Qh5 Bf6 18.Bg5 Bxc3 19.bxc3 e5 20.Rd3 Kf8 21.Rad1 Be8 22.Bd8 Qc8
23.Qxe5 Qe6 24.Qc7 Kg8 25.Rd6  1-0

[Event "IsBank TCh-TUR 2013"]
[Site "Denizli TUR"]
[Date "2013.07.09"]
[Round "12.3"]
[White "Azaladze,S"]
[Black "Sebag,M"]
[Result "1/2-1/2"]
[WhiteElo "2481"]
[BlackElo "2527"]

1.Nf3 d5 2.c4 c6 3.g3 Nf6 4.Bg2 dxc4 5.O-O Nbd7 6.Na3 Nb6 7.Qc2 g6 8.Nxc4 Nxc4
9.Qxc4 Bg7 10.d3 O-O 11.Qc2 Nd5 12.a3 a5 13.Rd1 a4 14.Bd2 e5 15.Rab1 Re8
16.Ng5 Nc7 17.Ne4 Ne6 18.Bb4 Nd4 19.Qd2 Bg4 20.Re1 Qd7 21.Nc5 Qc8 22.f3 Bh3
23.e3 Bxg2 24.Kxg2 Ne6 25.Nxe6 Qxe6 26.Qc2 Red8 27.Red1 b6 28.Be1 c5 29.b3 axb3
30.Rxb3 Rd6 31.Rdb1 h5 32.Qc4 Qd7 33.Rxb6 Rxb6 34.Rxb6 Rxa3 35.Bc3 e4 36.Rb8+ Kh7
37.Bxg7 exf3+ 38.Kxf3 Kxg7 39.Rb2 Qf5+ 40.Qf4 Qxd3 41.Qe5+ Kh7 42.Qxc5 Qd1+
43.Kg2 Ra1 44.Qc4 Qh1+ 45.Kh3 Ra7 46.Rf2 f5 47.Qc5 Rg7 48.Rf4 Qb7 49.Qb4 Qxb4
50.Rxb4 Re7 51.Rb3 Rc7 52.Rb2 Rc3 53.Re2 Kg7 54.Kg2  1/2-1/2

[Event "120th ch-SCO 2013"]
[Site "Helensburgh SCO"]
[Date "2013.07.09"]
[Round "4.15"]
[White "McClement,A"]
[Black "Robertson,I"]
[Result "1-0"]
[WhiteElo "2169"]
[BlackElo "2168"]

1.Nf3 d5 2.c4 dxc4 3.e3 Nf6 4.Bxc4 e6 5.O-O a6 6.a4 b6 7.Qe2 Bb7 8.d4 c5
9.Nc3 Nbd7 10.Rd1 Qc7 11.b3 Be7 12.Bb2 O-O 13.Rac1 cxd4 14.exd4 Qf4 15.d5 exd5
16.Bxd5 Bxd5 17.Nxd5 Nxd5 18.Rxd5 Nc5 19.Qxe7 Nxb3 20.Re1 Qxa4 21.Rg5  1-0

[Event "6th ch-Cent SRB Int 2013"]
[Site "Paracin SRB"]
[Date "2013.07.09"]
[Round "5.18"]
[White "Spiric,I"]
[Black "Nestorovic,L"]
[Result "0-1"]
[WhiteElo "2255"]
[BlackElo "2394"]

1.Nf3 d5 2.c4 c6 3.b3 Nf6 4.Bb2 Bf5 5.d3 e6 6.Nbd2 Nbd7 7.g3 Bd6 8.Bg2 e5
9.O-O d4 10.Nh4 Be6 11.e3 dxe3 12.fxe3 Qe7 13.d4 Ba3 14.Bxa3 Qxa3 15.d5 cxd5
16.cxd5 Nxd5 17.Nc4 Qc5 18.Nf5 N7f6 19.Nxg7+ Ke7 20.Nxe6 fxe6 21.Bxd5 Qxd5
22.Qxd5 Nxd5 23.Nxe5 Rhf8 24.Rxf8 Rxf8 25.Re1 Kd6 26.Nc4+ Kc5 27.Rc1 Kb4
28.Nd6 Nc3 29.Rc2 b5 30.e4 Rf3 31.Kg2 Rd3 32.e5 Re3 33.Nf7 Ka3 34.Kf2 Rd3
35.Nd6 a6 36.Nb7 Nxa2 37.Rc6 Nb4 38.Rxe6 Rxb3 39.Nc5 Rb2+ 40.Kf3 a5 41.Rd6 Rc2
42.Ne4 Nc6 43.e6 b4 44.Ke3 b3 45.Nd2 b2 46.Nb1+ Ka2 47.Nd2 a4 48.Rd3 Rxd2
49.Rxd2  0-1

[Event "3rd SPAChess Open"]
[Site "Amsterdam NED"]
[Date "2013.07.10"]
[Round "5.9"]
[White "Lai,Hing Ting"]
[Black "Strating,S"]
[Result "1/2-1/2"]
[WhiteElo "2136"]
[BlackElo "2258"]

1.Nf3 d5 2.c4 c6 3.b3 Bg4 4.e3 e6 5.Bb2 Nd7 6.Be2 Ngf6 7.O-O Bd6 8.d4 Ne4
9.Nfd2 Bxe2 10.Qxe2 Nxd2 11.Nxd2 Nf6 12.e4 dxe4 13.Nxe4 Nxe4 14.Qxe4 O-O
15.Rad1 Qf6 16.Rd3 Rfd8 17.Rfd1 Rac8 18.Bc3 Qf4 19.Qxf4 Bxf4 20.Kf1 Bg5 21.Ke2 Bf6
22.Ke3  1/2-1/2

[Event "ch-BEL Open 2013"]
[Site "Antwerp BEL"]
[Date "2013.07.10"]
[Round "5.1"]
[White "Swijsen,L"]
[Black "Forster,Sv"]
[Result "0-1"]
[WhiteElo "2177"]
[BlackElo "2166"]

1.Nf3 d5 2.c4 e6 3.b3 Nf6 4.Bb2 Bd6 5.g3 O-O 6.Bg2 Nbd7 7.O-O c6 8.d3 Qe7
9.Nbd2 e5 10.Qc2 a5 11.Rac1 d4 12.e3 dxe3 13.fxe3 Ng4 14.Rce1 f5 15.Kh1 a4
16.bxa4 Nc5 17.d4 Nxa4 18.dxe5 Nxe5 19.Bxe5 Bxe5 20.Nxe5 Qxe5 21.e4 Qc3 22.Qxc3 Nxc3
23.a3 Rxa3 24.exf5 Bxf5 25.Re3 Bg6 26.Rc1 Na2 27.Rxa3 Nxc1 28.Nf3 Rd8 29.h4 Nd3
30.Ra7 Rd7 31.Kh2 h6 32.Bf1 Bh5 33.Bg2 Bg4 34.Bh3 Bxh3 35.Kxh3 Kf7 36.Ra8 Ke7
37.Kg4 Kd6 38.Kh5 Ne5 39.Nxe5 Kxe5 40.Ra1 Rd4 41.Rb1 Rxc4 42.Rxb7 Kf6 43.Rc7 Rc3
44.Rc8 Rc5+ 45.Kg4 h5+ 46.Kf3 Rc4 47.Rc7 g6 48.Rc8 Kf5 49.Re8 Rc3+ 50.Kg2 Rc4
51.Kf3 c5 52.Re7 Rb4 53.Rc7 Rb3+ 54.Kf2 Kg4 55.Rc6 Rf3+ 56.Ke2 Rxg3 57.Rxg6+ Kxh4
58.Rc6 Rg5 59.Kf3 Rf5+ 60.Kg2 Kg4 61.Rc8 Kf4 62.Kf2 Ke4+ 63.Ke2 Kd4 64.Kd2 Rf2+
65.Kd1 Rh2 66.Rf8 c4 67.Rf3 Kc5 68.Re3 h4 69.Rf3 Kb4 70.Re3 h3 71.Kc1 Rh1+
72.Kc2 h2 73.Rh3 Ra1  0-1

[Event "Styrian Open A 2013"]
[Site "Bad Gleichenberg AUT"]
[Date "2013.07.10"]
[Round "5.25"]
[White "Uksini,Bardhyl"]
[Black "Hapala,L"]
[Result "0-1"]
[WhiteElo "1969"]
[BlackElo "2040"]

1.Nf3 d5 2.c4 c6 3.e3 Nf6 4.Nc3 g6 5.b3 Bg7 6.Bb2 O-O 7.Be2 Nbd7 8.O-O e5
9.cxd5 cxd5 10.Rc1 a6 11.Na4 Re8 12.Qc2 b5 13.Nc5 Nxc5 14.Qxc5 Ne4 15.Qc6 Bg4
16.Rfd1 Ng5 17.Ba1 Nxf3+ 18.gxf3 Bh3 19.Kh1 Qh4 20.Bf1 Be6 21.Kg1 Qg5+ 22.Kh1 Qh4
23.Bg2 Qxf2 24.Qd6 Red8 25.Qb4 Rac8 26.Rxc8 Rxc8 27.Rf1 Qe2 28.Bc3 Bf8 29.Qa5 e4
30.fxe4 dxe4 31.Qb6 b4 32.Bxb4 Bg4 33.Bc3 Bf3 34.Rg1 Bg7 35.Qb7 Re8 36.Qd7 Rf8
37.Qh3 Bxc3 38.dxc3 Rd8 39.Qg3 Rd1 40.Qb8+ Kg7 41.Qe5+ f6 42.Qc7+ Kf8 43.Qc5+ Ke8
44.Qc6+ Ke7 45.Qc7+ Ke6 46.Qc8+ Ke7 47.Qc5+ Rd6 48.Qc7+ Rd7 49.Qf4 Qxg2+
50.Rxg2 Rd1+  0-1

[Event "St. Pauli Open 2013"]
[Site "Hamburg GER"]
[Date "2013.07.10"]
[Round "5.3"]
[White "Nedic,D"]
[Black "Moeller,H"]
[Result "1-0"]
[WhiteElo "2328"]
[BlackElo "2285"]

1.Nf3 d5 2.c4 e6 3.d4 c5 4.cxd5 exd5 5.g3 Nc6 6.Bg2 Nf6 7.O-O Be7 8.b3 O-O
9.Bb2 Re8 10.Nc3 a6 11.Rc1 Bg4 12.Na4 cxd4 13.Nxd4 Rc8 14.Nxc6 bxc6 15.Qd3 Bd6
16.e3 Qa5 17.Bxf6 gxf6 18.Qd4 Be2 19.Rfe1 Be5 20.Qh4 Qd2 21.Bh3 d4 22.Bf5 h5
23.Rxe2 Qxe2 24.exd4 Qd2 25.Rc4 Qd1+ 26.Kg2 Rcd8 27.Nc3 Qa1 28.dxe5 fxe5
29.Qg5+ Kf8 30.Qh6+  1-0

[Event "EY Boys Teams 2013"]
[Site "Maribor SLO"]
[Date "2013.07.10"]
[Round "5"]
[White "Ostovic,M"]
[Black "Bratkovic,Jakob"]
[Result "1-0"]
[WhiteElo "2316"]
[BlackElo "1990"]

1.Nf3 d5 2.c4 dxc4 3.Na3 c5 4.Nxc4 Nc6 5.g3 g6 6.Bg2 Bg7 7.O-O Nf6 8.d3 Be6
9.Be3 Nd7 10.Ng5 Bf5 11.Qb3 O-O 12.Qxb7 h6 13.Qxc6 Rc8 14.Nxf7 Rxf7 15.Qa6 Nb6
16.Qxa7 Nxc4 17.dxc4 Bxb2 18.Rad1 Qc7 19.Qxc7 Rxc7 20.Bxh6 Ra7 21.Be3 Ba3
22.Rd8+ Rf8 23.Rfd1 Bb4 24.Rxf8+ Kxf8 25.Rd8+ Kg7 26.Ra8 Rxa8 27.Bxa8 Ba3
28.Bg5 Kf7 29.e4 Bg4 30.Kf1 Bd1 31.h4 Bc2 32.Ke2 Bb1 33.Bc6 Bxa2 34.Bb5 Bb1
35.f3 e6 36.g4 Bc2 37.Kd2 Bb1 38.Kc3 Bb4+ 39.Kb3 Bd3 40.h5 gxh5 41.gxh5 Be2
42.h6 Kg6 43.f4 Bf3 44.f5+ exf5 45.exf5+ Kh7 46.Be8 Bd1+ 47.Kb2  1-0

[Event "EY Boys Teams 2013"]
[Site "Maribor SLO"]
[Date "2013.07.10"]
[Round "5"]
[White "Amstadt,A"]
[Black "Kessler,L"]
[Result "0-1"]
[WhiteElo "2346"]
[BlackElo "2280"]

1.Nf3 d5 2.c4 e6 3.g3 Nf6 4.Bg2 dxc4 5.Qa4+ Nbd7 6.Qxc4 a6 7.d4 b5 8.Qc2 Bb7
9.O-O c5 10.a4 Qb6 11.axb5 axb5 12.Rxa8+ Bxa8 13.Nc3 c4 14.Be3 Ng4 15.b3 Nxe3
16.fxe3 cxb3 17.Qxb3 b4 18.Ne5 Bxg2 19.Qa4 Qb7 20.Rxf7 Be7 21.d5 Bxd5 22.Nb5 Qb6
23.Nd4 Qd6 24.Qb5 Qxe5  0-1

[Event "2nd Ideon Andron Open 2013"]
[Site "Anogia GRE"]
[Date "2013.07.11"]
[Round "3.8"]
[White "Simeonidis,I"]
[Black "Sotiriadou,I"]
[Result "1-0"]
[WhiteElo "2238"]
[BlackElo "1640"]

1.Nf3 d5 2.c4 Nf6 3.cxd5 Nxd5 4.d4 Nc6 5.e4 Nb6 6.d5 Nb8 7.Nc3 Bg4 8.h3 Bh5
9.g4 Bg6 10.h4 h6 11.Ne5 Bh7 12.Qf3 f6 13.Nd3 c6 14.Nf4 e5 15.dxe6 Qd4 16.Be3 Qe5
17.O-O-O Bd6 18.g5 Ke7 19.Qh5 Rf8 20.Bh3 Na6 21.Nd3  1-0

[Event "Universiade Women"]
[Site "Kazan RUS"]
[Date "2013.07.11"]
[Round "4.6"]
[White "Sgircea,S"]
[Black "Batchimeg,Tuvshintugs"]
[Result "0-1"]
[WhiteElo "2261"]
[BlackElo "2351"]

1.Nf3 d5 2.c4 e6 3.g3 dxc4 4.Qa4+ Nd7 5.Bg2 a6 6.Qxc4 b5 7.Qc2 Bb7 8.d4 Ngf6
9.Nc3 c5 10.dxc5 Bxc5 11.O-O Rc8 12.Qd3 O-O 13.Bf4 Qe7 14.Ne5 Nxe5 15.Bxe5 Ng4
16.Bd4 Rfd8 17.Bxc5 Qxc5 18.Qb1 Bxg2 19.Kxg2 Rd2 20.h3 Ne5 21.Rd1 Qd4 22.Qc1 Nc4
23.Rxd2 Nxd2 24.Qd1 b4 25.Na4 h6 26.Rc1 Rxc1 27.Qxc1 Qe4+ 28.Kg1 Qxe2 29.Nc5 a5
30.b3 h5 31.h4 Kh7 32.Kg2 e5 33.Qc2+ e4  0-1

[Event "EY Boys Teams 2013"]
[Site "Maribor SLO"]
[Date "2013.07.11"]
[Round "6"]
[White "Huber,Mart AUT"]
[Black "Bratkovic,Sham"]
[Result "1-0"]
[WhiteElo "2230"]
[BlackElo "2012"]

1.Nf3 d5 2.c4 c6 3.e3 Nf6 4.Nc3 e6 5.b3 Nbd7 6.Qc2 Bd6 7.Bb2 O-O 8.Rg1 a6
9.g4 b5 10.g5 Ne8 11.h4 bxc4 12.bxc4 Ne5 13.Nxe5 Bxe5 14.h5 Rb8 15.f4 Bxf4
16.exf4 Qb6 17.O-O-O Qxg1 18.Bd3 Qh2 19.Bxh7+ Kh8 20.Ba3 Qxh5 21.g6 d4 22.gxf7 Rxf7
23.Bg6 Qa5 24.Rh1+ Kg8 25.Bh7+ Kh8 26.Bg8+  1-0

[Event "Styrian Open A 2013"]
[Site "Bad Gleichenberg AUT"]
[Date "2013.07.12"]
[Round "7.20"]
[White "Mesaros,Florian"]
[Black "Pallitsch,C"]
[Result "1-0"]
[WhiteElo "2166"]
[BlackElo "2152"]

1.Nf3 d5 2.c4 d4 3.b4 c5 4.bxc5 Nc6 5.e3 e5 6.exd4 exd4 7.d3 Bxc5 8.g3 Nf6
9.Bg2 Qe7+ 10.Qe2 Qxe2+ 11.Kxe2 O-O 12.Ba3 Re8+ 13.Kd2 Bb6 14.Rf1 Bf5 15.Kc2 Re2+
16.Nbd2 Ng4 17.Nh4 Ba5 18.Rad1 Nxf2 19.Rxf2 Rxf2 20.Bxc6 bxc6 21.Nxf5 Rxf5
22.Ne4 h6 23.Rb1 Bb6 24.c5 Ba5 25.Rb7 Rf1 26.Bb2 f5 27.Nd6 Rf2+ 28.Kb3 Bc3
29.Bxc3 dxc3 30.Kxc3 g5 31.Rc7 f4 32.Ne4 fxg3 33.hxg3 Rf7 34.Rxc6 Kh7 35.Re6 Rg7
36.d4 h5 37.Nf6+ Kh8 38.Nxh5 Rh7 39.Nf6 Rh6 40.Re8+ Rxe8 41.Nxe8 Rh3 42.c6 Rxg3+
43.Kb4 a5+ 44.Kb5 Rc3 45.Nf6 Kg7 46.Ne4 Rc2 47.Nc5 Rb2+ 48.Ka6 Re2 49.c7 Re8
50.d5 g4 51.Ne6+  1-0

[Event "33rd Benasque Open"]
[Site "Benasque ESP"]
[Date "2013.07.13"]
[Round "10.8"]
[White "Georgiev,Ki"]
[Black "Fenollar Jorda,M"]
[Result "1-0"]
[WhiteElo "2636"]
[BlackElo "2397"]

1.Nf3 d5 2.c4 e6 3.g3 Nf6 4.Bg2 Bd6 5.d4 c6 6.O-O O-O 7.Nc3 Nbd7 8.Qd3 Re8
9.Bg5 h6 10.Bxf6 Nxf6 11.e4 dxe4 12.Nxe4 Nxe4 13.Qxe4 c5 14.Rad1 Qc7 15.a3 Rb8
16.dxc5 Bxc5 17.b4 Be7 18.Qe5 Qxe5 19.Nxe5 b6 20.Bc6 Rd8 21.Rxd8+ Bxd8 22.Rd1 Bf6
23.f4 Kf8 24.Kf2 a5 25.b5 Be7 26.a4 Bc5+ 27.Kf3 Be7 28.Be4 Ke8 29.Nc6 Rb7
30.Nxe7 Rxe7 31.Bc6+ Bd7 32.Rd6 Bxc6+ 33.Rxc6 e5 34.fxe5 Rxe5 35.Rxb6 Rc5
36.Ra6 Rxc4 37.Rxa5 Rb4 38.Ra7 f5 39.Rxg7 Rxa4 40.b6 Rb4 41.b7 Kd8 42.h4 h5
43.Rh7  1-0

[Event "120th ch-SCO 2013"]
[Site "Helensburgh SCO"]
[Date "2013.07.13"]
[Round "8.11"]
[White "Pritchett,C"]
[Black "Robertson,I"]
[Result "1/2-1/2"]
[WhiteElo "2360"]
[BlackElo "2168"]

1.Nf3 d5 2.c4 dxc4 3.e3 Nf6 4.Bxc4 e6 5.O-O a6 6.Qe2 c5 7.Rd1 Qc7 8.d4 Nc6
9.a3 cxd4 10.exd4 Be7 11.Nc3 O-O 12.Bg5 b5 13.Ba2 b4 14.Ne4 bxa3 15.Bxf6 Bxf6
16.Nxf6+ gxf6 17.bxa3 Ne7 18.Qe4 Bb7 19.Qg4+ Kh8 20.Qh4 Kg7 21.Qg4+ Kh8 22.Rac1 Qd6
23.Qh4 Kg7 24.Qg4+  1/2-1/2

[Event "7th LCT 2013"]
[Site "Leiden NED"]
[Date "2013.07.13"]
[Round "2.11"]
[White "Bernal Moro,L"]
[Black "Van 't Hof,E"]
[Result "1-0"]
[WhiteElo "2423"]
[BlackElo "2144"]

1.Nf3 d5 2.c4 c6 3.e3 Nf6 4.Nc3 e6 5.Qc2 Nbd7 6.b3 Bd6 7.Be2 O-O 8.d4 b6
9.O-O Bb7 10.Bb2 Qe7 11.Rad1 Rac8 12.Qb1 c5 13.cxd5 cxd4 14.Nxd4 Nxd5 15.Nxd5 Bxd5
16.Nf5 exf5 17.Rxd5 Nf6 18.Bxf6 Qxf6 19.Rxf5 Qc3 20.Bc4 Ba3 21.Rd1 g6 22.Rfd5 Rc7
23.Rd7 Rxd7 24.Rxd7 a5 25.g3 Bc5 26.Qe4 Qf6 27.Kg2 Bb4 28.Qf3 Qg7 29.Rb7 Bc5
30.g4 h6 31.h3 Qh7 32.Rd7 Qg7 33.h4 Bb4 34.Rb7 Bc5 35.g5 hxg5 36.hxg5 Qh7
37.Qf6 Bb4 38.Rxb6 Qh5 39.Qxg6+ Qxg6 40.Rxg6+ Kh7 41.Rf6 Kg7 42.Kf3 Bc3 43.Rf5 f6
44.gxf6+ Bxf6 45.e4 Ra8 46.e5 Bh4 47.Rf7+ Kg6 48.Kg4 Rh8 49.e6 a4 50.Bd3+ Kh6
51.Kxh4  1-0

[Event "Universiade Women"]
[Site "Kazan RUS"]
[Date "2013.07.14"]
[Round "7.2"]
[White "Ju Wenjun"]
[Black "Rogule,L"]
[Result "1-0"]
[WhiteElo "2531"]
[BlackElo "2329"]

1.Nf3 d5 2.c4 c6 3.e3 g6 4.d4 Nf6 5.Be2 Bg7 6.O-O O-O 7.Nc3 Bf5 8.cxd5 Nxd5
9.Qb3 Nb6 10.Rd1 Be6 11.Qc2 h6 12.e4 N8d7 13.h3 Qc7 14.b3 a5 15.Be3 Kh7 16.Rac1 Nf6
17.Ne5 Rad8 18.f4 Bc8 19.Bf3 Ne8 20.Qf2 f6 21.d5 Nd7 22.Nxd7 Rxd7 23.Nb5 Qb8
24.Na7 Nc7 25.dxc6 Rxd1+ 26.Rxd1 b5  1-0

[Event "FSFMA July 2013"]
[Site "Budapest HUN"]
[Date "2013.07.15"]
[Round "10.3"]
[White "Juhasz,Bel"]
[Black "Farkas,R"]
[Result "1-0"]
[WhiteElo "2222"]
[BlackElo "2198"]

1.Nf3 d5 2.c4 c6 3.b3 Nf6 4.Bb2 Bf5 5.g3 e6 6.Bg2 Nbd7 7.O-O Be7 8.d3 O-O
9.Nbd2 h6 10.a3 Bh7 11.b4 a5 12.Bc3 a4 13.Qc1 Bd6 14.Qb2 Qb8 15.Qc2 e5 16.e4 dxe4
17.dxe4 Re8 18.Nh4 b5 19.Nf5 Bf8 20.c5 g6 21.Ne3 Nh5 22.Bh3 Qc7 23.Qb2 Bg7
24.Rad1 Rad8 25.Rfe1 Nf8 26.Ng4 f6 27.Nf3 Kh8 28.Qc1 g5 29.Qc2 Ne6 30.Ne3 Bf8
31.Rxd8 Qxd8 32.Rd1 Qc7 33.Nf5 Nd8 34.Qe2 Bg6 35.Bg4 Ng7 36.Nxh6 Re7 37.h4 gxh4
38.Nxh4 Bh7 39.Qf3 Ne8 40.N6f5 Bxf5 41.Bxf5  1-0

[Event "12th Condom Open"]
[Site "Condom FRA"]
[Date "2013.07.15"]
[Round "4.9"]
[White "Kukov,V"]
[Black "Le Hetet,N"]
[Result "1/2-1/2"]
[WhiteElo "2370"]
[BlackElo "2148"]

1.Nf3 d5 2.c4 c6 3.e3 Nf6 4.Nc3 e6 5.b3 Nbd7 6.Qc2 Bd6 7.Bb2 O-O 8.Be2 Qe7
9.d4 b6 10.O-O Bb7 11.Rad1 dxc4 12.bxc4 e5 13.e4 Rfd8 14.d5 cxd5 15.cxd5 a6
16.a4 Rdc8 17.Nd2 Rc7 18.Nc4 Rac8 19.Qb3 Nc5 20.Qxb6 Ncxe4 21.Nxe4 Nxe4 22.Nxd6 Nxd6
23.Ba3 Nc4 24.Bxc4 Qxa3 25.Bxa6 Bxa6 26.Qxa6 Rc4 27.Ra1 Qc5 28.Qb5 Kf8 29.Rfd1 Qxb5
30.axb5 Rb4 31.Rab1 Rxb1 32.Rxb1 Ke7 33.b6 Kd6 34.Kf1 Kxd5 35.Ke2 Kc6 36.Kd3 Rb8
37.Ke4 Rxb6 38.Rxb6+ Kxb6 39.Kxe5 Kc6 40.f4 Kd7 41.f5 f6+ 42.Kd5 Ke7 43.Kc6 Ke8
44.Kd6 Kf7 45.Kd7 h6 46.Kd6 Ke8 47.Kd5 Ke7 48.Ke4 Ke8 49.Kf4 Ke7 50.Kg4 Kf8
51.Kh5 Kf7 52.h3 Kf8 53.Kg6 Kg8 54.g3 Kf8 55.Kh5 Kf7 56.Kg4 Ke7 57.Kh5 Kf7
58.Kg4  1/2-1/2

[Event "7th LCT 2013"]
[Site "Leiden NED"]
[Date "2013.07.15"]
[Round "4.10"]
[White "Bernal Moro,L"]
[Black "Van der Raaf,E"]
[Result "1-0"]
[WhiteElo "2423"]
[BlackElo "2140"]

1.Nf3 d5 2.c4 c6 3.e3 Nf6 4.Nc3 a6 5.Qc2 g6 6.d4 b5 7.cxd5 cxd5 8.Bd3 Bb7
9.Ne5 Bg7 10.a4 b4 11.Qb3 a5 12.Bb5+ Nfd7 13.Ne2 Bxe5 14.dxe5 O-O 15.e6 Nc5
16.exf7+ Rxf7 17.Qd1 Qd6 18.O-O Nbd7 19.b3 e5 20.Bb2 Raf8 21.f3 h5 22.Kh1 h4
23.Ng1 Nf6 24.Rc1 e4 25.f4 Nh5 26.Qd4 Rc7 27.Rxc5 Qxc5 28.Qh8+ Kf7 29.Qh7+ Ke6
30.Qxg6+ Nf6 31.Nh3 Rcf7 32.Bd4 Qc2 33.Ng5+ Ke7 34.Qf5 Bc8 35.Qe5+ Kd8 36.Nxf7+ Rxf7
37.Bb6+  1-0

[Event "Lueneburg GM 2013"]
[Site "Lueneburg GER"]
[Date "2013.07.15"]
[Round "1.5"]
[White "Svane,R"]
[Black "Colpe,M"]
[Result "1/2-1/2"]
[WhiteElo "2427"]
[BlackElo "2311"]

1.Nf3 d5 2.c4 c6 3.e3 Nf6 4.Nc3 a6 5.Qc2 g6 6.d4 b5 7.cxd5 cxd5 8.e4 Qc7
9.e5 Ne4 10.Bd3 Nxc3 11.bxc3 Nd7 12.O-O Nb6 13.Bf4 e6 14.Qd2 h6 15.h4 Bb7
16.Rac1 Nc4 17.Qe2 Ba3 18.Rc2 O-O-O 19.Bg3 Rdg8 20.Nh2 h5 21.Nf3 Be7 22.Bf4 Na3
23.Rcc1 Re8 24.Bg5 Bxg5 25.Nxg5 Re7 26.Qb2 Qa5 27.Qb4 Qxb4 28.cxb4+ Nc4 29.Rc3 Kc7
30.Rfc1 Kb6 31.Be2 Rc8 32.Kh2 Bc6 33.Nf3 Ra7 34.Ne1 a5 35.a3 axb4 36.axb4 Ra2
37.R1c2 Rca8 38.Nd3 Rxc2 39.Rxc2 Ra1 40.Kg3 Kc7 41.Kf4 Kd7  1/2-1/2

[Event "22nd Open ch-MKD"]
[Site "Struga MKD"]
[Date "2013.07.16"]
[Round "4.6"]
[White "Petrov,G MKD"]
[Black "Kacakovski,D"]
[Result "1/2-1/2"]
[WhiteElo "2227"]
[BlackElo "2131"]

1.Nf3 d5 2.c4 d4 3.b4 c5 4.bxc5 Nc6 5.d3 e5 6.g3 Bxc5 7.Bg2 Nf6 8.O-O O-O
9.Bg5 h6 10.Bxf6 Qxf6 11.Qa4 e4 12.Nfd2 exd3 13.exd3 Qe7 14.Nb3 Ne5 15.Nc1 Bf5
16.Qc2 Rac8 17.a4  1/2-1/2

[Event "2nd Ideon Andron Open 2013"]
[Site "Anogia GRE"]
[Date "2013.07.17"]
[Round "9.12"]
[White "Hristodoulaki,A"]
[Black "Sotiriadou,I"]
[Result "1-0"]
[WhiteElo "1970"]
[BlackElo "1640"]

1.Nf3 d5 2.c4 c6 3.e3 Nf6 4.b3 Bg4 5.Bb2 e6 6.Be2 Nbd7 7.O-O Be7 8.Nc3 O-O
9.d4 Bb4 10.Ne5 Nxe5 11.dxe5 Bxe2 12.Nxe2 Nd7 13.a3 Be7 14.cxd5 exd5 15.f4 Nc5
16.b4 Ne4 17.Nd4 Qc8 18.Qh5 a6 19.Rf3 h6 20.Rh3 Bd8 21.Nf5 Qe6 22.Nxg7 Qg6
23.Nf5  1-0

[Event "Lueneburg Open 2013"]
[Site "Lueneburg GER"]
[Date "2013.07.17"]
[Round "3.23"]
[White "Kunow,F"]
[Black "Kopylov,Daniel"]
[Result "1-0"]
[WhiteElo "1920"]
[BlackElo "1655"]

1.Nf3 d5 2.c4 e6 3.g3 Nf6 4.Bg2 c5 5.O-O Nc6 6.b3 Be7 7.Bb2 O-O 8.e3 Qb6
9.d3 Rd8 10.Qe2 a5 11.Nc3 Nb4 12.Na4 Qa7 13.d4 Bd7 14.Nxc5 Bxc5 15.dxc5 Qxc5
16.Bd4 Qe7 17.Ne5 Nc6 18.Nxd7 Rxd7 19.Bxf6 Qxf6 20.cxd5 exd5 21.Rad1 Qe5
22.Rd2 Rad8 23.Qb5 Qc7 24.Rfd1 Ne7 25.Rd4 h6 26.e4 Qc2 27.R4d2 Qc6 28.Qxa5 dxe4
29.Rxd7 Rxd7 30.Rxd7 Qxd7 31.Qa8+ Kh7 32.Bxe4+ Ng6 33.Qxb7  1-0